000 00984nam a22002657a 4500
001 4040
003 FISKH
005 20240603105431.0
008 240603b cb ||||| |||| 00| 0 eng d
020 _a9780553497311
040 _aFISKH
_beng
_cFISKH
_dFISKH
050 _aPZ7.P3166
082 _a813.00
100 _aPearsall Shelley
_d1966-
245 _aThe seventh most important thing /
_cShelley Pearsall
260 _aNew York :
_bA Yearling Book,
_c2016
300 _a278 pages :
_c20 cm
505 _aM
520 _a"In 1963, thirteen-year-old Arthur is sentenced to community service helping the neighborhood Junk Man after he throws a brick at the old man's head in a moment of rage, but the junk he collects might be more important than he suspects. Inspired by the work of American folk artist James Hampton"--
521 8 _a760
_bLexile
521 8 _aM
_bRaz-Plus
700 _aShelley Pearsall
942 _2ddc
_cBK
_n0
999 _c4040
_d4040